The Haunted Showboat (Record no. 8903)

MARC details
000 -LEADER
fixed length control field 01170nam a22002177a 4500
003 - CONTROL NUMBER IDENTIFIER
control field OSt
005 - DATE AND TIME OF LATEST TRANSACTION
control field 20260311003651.0
008 - FIXED-LENGTH DATA ELEMENTS--GENERAL INFORMATION
fixed length control field 260311b |||||||| |||| 00| 0 eng d
020 ## - INTERNATIONAL STANDARD BOOK NUMBER
International Standard Book Number 9780448095356
040 ## - CATALOGING SOURCE
Original cataloging agency DWCL GS lib
Transcribing agency OC
082 ## - DEWEY DECIMAL CLASSIFICATION NUMBER
Classification number Fic. K26h 1981
100 ## - MAIN ENTRY--PERSONAL NAME
Personal name Keene Carolyn
245 ## - TITLE STATEMENT
Title The Haunted Showboat
Statement of responsibility, etc. Carolyn Keene
260 ## - PUBLICATION, DISTRIBUTION, ETC.
Place of publication, distribution, etc. New York
Name of publisher, distributor, etc. Carolyn Keene
Date of publication, distribution, etc. 1957
300 ## - PHYSICAL DESCRIPTION
Extent Extent- vii, 184 pages:
Other physical details illustrations
Dimensions 20cm
520 ## - SUMMARY, ETC.
Summary, etc. Nancy, Bess, and George travel to New Orleans during Mardi Gras to help restore an old, "haunted" showboat named the River Princess. Amidst threats, sabotage, and supposed ghost sightings, Nancy uncovers a plot involving counterfeiters and hidden pirate treasure.
650 ## - SUBJECT ADDED ENTRY--TOPICAL TERM
Topical term or geographic name entry element The plot centers on Nancy, Bess, and George traveling to New Orleans during Mardi Gras to help relatives solve a mystery involving an old, abandoned showboat named the River Princess.
650 ## - SUBJECT ADDED ENTRY--TOPICAL TERM
Topical term or geographic name entry element mystery series, revolves around themes of restoring heritage, bravery, and navigating personal relationships, particularly focusing on the idea that appearances can be misleading.
700 ## - ADDED ENTRY--PERSONAL NAME
Personal name Carolyn Keene
942 ## - ADDED ENTRY ELEMENTS (KOHA)
Source of classification or shelving scheme Dewey Decimal Classification
Koha item type Fiction
Suppress in OPAC No

No items available.